zpět

Detail výsledku týmu

MaxWilliam, Znojmo

Datum a čas kvízu

12.5 Celkem bodů Celkový počet nahraných bodů na tomto kvízu bez doplňovacích otázek.
9. Pořadí na kvízu Konečné umístění týmu na tomto kvízu.

Zaznamenané odpovědi

# Otázka Odpověď Body Výsledky
1. Smutné 70. výročí justiční vra... O2 0
2. Některým občanským aktivistům... Imagine 0
3. Do českých kin se ve čtvrtek k... Václav Postránecký 1
4. Minulý týden byl oznámen konec... Segway 1
5. Liverpool FC slaví po dlouhém... v roce 1990 0
6. Toto téma jste si vybrali na n... Kmeny 0
7. Co je primárně typické pro ski... B 1
8. V roce 1941 byla vydána kniha... Eduard Bass 0
9. V lidském společenství najdeme... ektomorf, endomorf, mezomorf 1
10. Poměrně specifickým fenoménem... K-pop 1